000
00258nam a2200097Ia 4500
001
689068
005
20250826161627.0
008
250824s9999 xx 000 0 und d
245
0
_a
PEMBE İNCİLİ KAFTAN
_c
ÖMER SEYFETTİN
260
_b
KARATAY AKADEMİ YAYINLARI
999
_c
689068
_d
689068